000 01407nam a2200457 i 4500
001 5528
003 KOSZ 005
005 20200211113306.0
008 970629s1992 pl a f |000 0 pol
015 _aPB 1993/8299
020 _a8385519076
020 _a8385519092
035 _a(PL-WaBN)b10246988-48omnis_nlop
035 _ab10246988
035 _a(OCoLC)834050330
035 _a(PL)b0000001024698
040 _aWA N
_cWA N
_dKOSZ 005/HR
041 1 _apol
_heng
046 _k1992
080 _a004.451
080 _a(07)
100 1 _aLivingston, Brian.
_eAutor
245 1 0 _aSekrety Windows 3.1.
_n[T. 2] /
_cBrian Livingston ; [tł. z ang. Zespół].
246 1 _iTyt. oryg.:
_aWindows 31 secrets,
_f1992
260 _aPruszków :
_b"Wibet",
_ccop. 1992.
300 _a399 s. :
_brys. ;
_c21 cm.
336 _2rdacontent
_aTekst
_btxt
337 _2rdamedia
_aBez urządzenia pośredniczącego
_bn
338 _2rdacarrier
_aWolumin
_bnc
380 _aKsiążki
380 _aPublikacje dydaktyczne
388 _a1901-2000
388 _a1989-2000
650 7 _aWindows
_2DBN
658 _aInformatyka i technologie informacyjne
655 7 _aPodręcznik
_2DBN
650 7 _aSystemy operacyjne
_2DBN
856 _uhttp://koha.tu.koszalin.pl/cgi-bin/koha/opac-detail.pl?biblionumber=5528
_zKatalog online BPK
942 _2UKD
_cKS
999 _c5528
_d5528